| 000 | 00425nam a2200133 a 4500 | ||
|---|---|---|---|
| 008 | 120416s1984 ||||||||||||||||| || u | ||
| 050 | _aPR 6053.O45K5 | ||
| 100 | _aCollee, John | ||
| 245 | 1 | 0 | _aKingsley's touch |
| 260 |
_aLondon _bAllen Lane _c1984 |
||
| 300 | _a205p. | ||
| 350 | _a0.00 | ||
| 995 |
_D0.00 _FCBU-MAIN LIBRARY (Kitwe) _H1 _I6.96 _M1 _UAVAILABLE _ZFiction Collection |
||
| 999 |
_c48642 _d48642 |
||